[Event "LSS No Engine Cup 208 Preliminary 0"]
[Site "LSS email"]
[Date "2020.10.01"]
[Round "?"]
[White "Gyongyosi, Peter Laszlo"]
[Black "Schnoewitz, Brigitte"]
[Result "0-1"]
[WhiteElo "1056"]
[BlackElo "1265"]
[PlyCount "48"]
[EventDate "2020.10.01"]
[EventType "tourn (corr)"]
[EventRounds "6"]
[EventCountry "GER"]
[SourceTitle "Corr 2022"]
[Source "ChessBase"]
[SourceDate "2021.10.24"]
[SourceVersion "1"]
[SourceVersionDate "2021.10.24"]
[SourceQuality "1"]

1. d4 d5 2. Nf3 Nf6 3. g3 e6 4. Bg2 Nbd7 5. Bg5 h6 6. Bd2 Be7 7. e3 b6 8. Nc3 Ba6 9. a3 c5 10. Ne2 cxd4 11. Nfxd4 Nc5 12. 0-0 Rc8 13. c3 0-0 14. f4 Nd3 15. Rb1 Qd7 16. b4 Bc4 17. f5 e5 18. Nc2 a5 19. bxa5 bxa5 20. Rf3 Rb8 21. Rxb8 Rxb8 22. Bh3 Qa4 23. Bf1 Bxa3 24. e4 Ba2 0-1

[Event "LSS No Engine Cup 208 Preliminary 0"]
[Site "LSS email"]
[Date "2020.10.01"]
[Round "?"]
[White "Kelemen, Gyoergy"]
[Black "Gyongyosi, Peter Laszlo"]
[Result "1-0"]
[WhiteElo "2227"]
[BlackElo "1056"]
[PlyCount "41"]
[EventDate "2020.10.01"]
[EventType "tourn (corr)"]
[EventRounds "6"]
[EventCountry "GER"]
[SourceTitle "Corr 2022"]
[Source "ChessBase"]
[SourceDate "2021.10.24"]
[SourceVersion "1"]
[SourceVersionDate "2021.10.24"]
[SourceQuality "1"]

1. c4 e5 2. g3 Nf6 3. Bg2 g6 4. Nc3 Bg7 5. Nf3 d6 6. d4 exd4 7. Nxd4 0-0 8. 0-0 c5 9. Ndb5 Nc6 10. Nxd6 Qc7 11. Bf4 Qe7 12. Nxc8 Raxc8 13. Bd6 Qe6 14. Bxf8 Bxf8 15. Qa4 a6 16. Rad1 Be7 17. Nd5 Nd4 18. e3 Nc6 19. Qb3 Nb4 20. Nf4 Qf5 21. Bh3 1-0

[Event "LSS No Engine Cup 189 Preliminary 0"]
[Site "LSS email"]
[Date "2019.04.15"]
[Round "?"]
[White "Gyongyosi, Peter Laszlo"]
[Black "Pech, Matej"]
[Result "0-1"]
[WhiteElo "1069"]
[BlackElo "1371"]
[PlyCount "42"]
[EventDate "2019.04.16"]
[EventType "tourn (corr)"]
[EventRounds "6"]
[EventCountry "GER"]
[SourceTitle "Corr 2022"]
[Source "ChessBase"]
[SourceDate "2021.10.24"]
[SourceVersion "1"]
[SourceVersionDate "2021.10.24"]
[SourceQuality "1"]

1. e4 e6 2. Bc4 d5 3. exd5 exd5 4. Be2 Bd6 5. Nf3 Nf6 6. 0-0 0-0 7. d4 Bg4 8. Ne5 Bxe2 9. Qxe2 Re8 10. Bf4 Nc6 11. c3 Nd7 12. Nd2 f6 13. Qg4 fxe5 14. dxe5 Ncxe5 15. Bxe5 Nxe5 16. Qd1 Qh4 17. g3 Qh3 18. f4 Bc5+ 19. Kh1 Ng4 20. Nf3 Ne3 21. Qd3 Qg2# 0-1

[Event "LSS No Engine Cup 175 Preliminary 0"]
[Site "LSS email"]
[Date "2017.12.10"]
[Round "?"]
[White "Keller, Thomas"]
[Black "Gyongyosi, Peter Laszlo"]
[Result "0-1"]
[WhiteElo "1529"]
[BlackElo "1107"]
[PlyCount "32"]
[EventDate "2017.12.11"]
[EventType "tourn (corr)"]
[EventRounds "6"]
[EventCountry "GER"]
[SourceTitle "Corr 2022"]
[Source "ChessBase"]
[SourceDate "2021.10.24"]
[SourceVersion "1"]
[SourceVersionDate "2021.10.24"]
[SourceQuality "1"]

1. e4 d5 2. exd5 Qxd5 3. Nc3 Qa5 4. Bc4 Nf6 5. Qf3 e6 6. Nge2 c6 7. 0-0 Be7 8. d4 0-0 9. Qg3 Nh5 10. Qe5 Qxe5 11. dxe5 Nd7 12. f4 f5 13. Bxe6+ Kh8 14. g4 fxg4 15. Bxg4 g6 16. Bxh5 gxh5 0-1

[Event "LSS No Engine Cup 172 Preliminary 0"]
[Site "LSS email"]
[Date "2017.08.19"]
[Round "?"]
[White "Gyongyosi, Peter Laszlo"]
[Black "Stadler, Pavel"]
[Result "0-1"]
[WhiteElo "1100"]
[BlackElo "1864"]
[PlyCount "112"]
[EventDate "2017.08.20"]
[EventType "tourn (corr)"]
[EventRounds "6"]
[EventCountry "GER"]
[SourceTitle "Corr 2022"]
[Source "ChessBase"]
[SourceDate "2021.10.24"]
[SourceVersion "1"]
[SourceVersionDate "2021.10.24"]
[SourceQuality "1"]

1. e4 e5 2. Nf3 Nc6 3. Bc4 Nf6 4. d3 Bc5 5. 0-0 d6 6. Bg5 h6 7. Bxf6 Qxf6 8. Nbd2 Na5 9. a3 Nxc4 10. Nxc4 Bg4 11. Ncd2 0-0 12. h3 Bxf3 13. Nxf3 Qf4 14. Nh2 f5 15. b4 Bd4 16. Ra2 fxe4 17. Qe2 exd3 18. cxd3 Rae8 19. Qf3 c6 20. Qxf4 Rxf4 21. g3 Rf7 22. Kg2 Ref8 23. f3 d5 24. Re2 h5 25. g4 hxg4 26. hxg4 g5 27. Rc2 a6 28. a4 Rf4 29. b5 axb5 30. axb5 c5 31. Ra2 e4 32. dxe4 dxe4 33. Ra7 exf3+ 34. Rxf3 R8f7 35. b6 c4 36. Ra8+ Kg7 37. Rxf4 gxf4 38. Nf3 Bxb6 39. Rc8 Be3 40. Rxc4 b5 41. Rb4 Rb7 42. Ne5 Kf6 43. Nd3 Kg5 44. Kf3 Bd2 45. Rb2 Bc3 46. Rb3 b4 47. Nc5 Re7 48. Ne4+ Rxe4 49. Kxe4 Kxg4 50. Rb1 Kg3 51. Rg1+ Kf2 52. Rb1 f3 53. Kd3 Kg2 54. Rc1 f2 55. Ke2 b3 56. Rb1 Be1 0-1

[Event "LSS No Engine Cup 172 Preliminary 0"]
[Site "LSS email"]
[Date "2017.08.19"]
[Round "?"]
[White "Keller, Thomas"]
[Black "Gyongyosi, Peter Laszlo"]
[Result "1-0"]
[WhiteElo "1549"]
[BlackElo "1100"]
[PlyCount "37"]
[EventDate "2017.08.20"]
[EventType "tourn (corr)"]
[EventRounds "6"]
[EventCountry "GER"]
[SourceTitle "Corr 2022"]
[Source "ChessBase"]
[SourceDate "2021.10.24"]
[SourceVersion "1"]
[SourceVersionDate "2021.10.24"]
[SourceQuality "1"]

1. e4 d5 2. exd5 Qxd5 3. Nc3 Qa5 4. Bc4 Nf6 5. Qf3 c6 6. Nh3 Bxh3 7. Qxh3 e6 8. 0-0 Be7 9. Re1 0-0 10. d3 Nbd7 11. f4 Nd5 12. Bd2 Qc7 13. f5 Nxc3 14. Bxc3 Bf6 15. fxe6 Bxc3 16. bxc3 Nb6 17. e7 Rfe8 18. Bxf7+ Kxf7 19. Qe6# 1-0

[Event "RN-2017-0-01301"]
[Site "LSS email"]
[Date "2017.06.14"]
[Round "?"]
[White "Gyongyosi, Peter Laszlo"]
[Black "Chura, Michal"]
[Result "0-1"]
[WhiteElo "749"]
[BlackElo "1176"]
[PlyCount "102"]
[EventDate "2017.05.29"]
[EventType "tourn (corr)"]
[EventRounds "6"]
[EventCountry "GER"]
[SourceTitle "Corr 2022"]
[Source "ChessBase"]
[SourceDate "2021.10.24"]
[SourceVersion "1"]
[SourceVersionDate "2021.10.24"]
[SourceQuality "1"]

1. e4 Nf6 2. Nc3 d5 3. e5 d4 4. exf6 dxc3 5. fxg7 cxd2+ 6. Bxd2 Bxg7 7. c3 Nc6 8. Bb5 Qd5 9. Bxc6+ Qxc6 10. Nf3 Bg4 11. Qe2 Bxf3 12. gxf3 0-0-0 13. 0-0-0 Bf6 14. Kb1 Rd5 15. Qe4 Rhd8 16. Qg4+ Kb8 17. Qf4 Bg5 18. Qxf7 Qg6+ 19. Qxg6 hxg6 20. Bxg5 Rxd1+ 21. Rxd1 Rxd1+ 22. Kc2 Rd5 23. Bxe7 Rf5 24. h3 Rxf3 25. h4 Rxf2+ 26. Kb3 Kc8 27. Bg5 Kd7 28. c4 a6 29. a4 c5 30. Kc3 Rf3+ 31. Kc2 Ke6 32. b3 Ke5 33. Kb2 Rg3 34. Kc2 Kf5 35. Be7 Kg4 36. a5 Rh3 37. Bxc5 Kxh4 38. b4 Kg5 39. b5 Kf6 40. bxa6 bxa6 41. Bd4+ Ke6 42. c5 Kd5 43. Bg1 Ra3 44. Kb2 Rxa5 45. Kb3 Rxc5 46. Kb4 Rb5+ 47. Ka4 g5 48. Bf2 g4 49. Ka3 Ke4 50. Ka4 Kf3 51. Bg1 g3 0-1

[Event "RN-2017-0-01301"]
[Site "LSS email"]
[Date "2017.06.14"]
[Round "?"]
[White "Shim Ng Min, Francis"]
[Black "Gyongyosi, Peter Laszlo"]
[Result "1/2-1/2"]
[WhiteElo "1248"]
[BlackElo "749"]
[PlyCount "39"]
[EventDate "2017.05.29"]
[EventType "tourn (corr)"]
[EventRounds "6"]
[EventCountry "GER"]
[SourceTitle "Corr 2022"]
[Source "ChessBase"]
[SourceDate "2021.10.24"]
[SourceVersion "1"]
[SourceVersionDate "2021.10.24"]
[SourceQuality "1"]

1. e4 d5 2. exd5 Qxd5 3. Nc3 Qa5 4. d4 c6 5. Nf3 Bg4 6. h3 Bxf3 7. Qxf3 Nf6 8. Bd3 e6 9. 0-0 Be7 10. Qg3 g6 11. Bh6 Nh5 12. Qe5 Qxe5 13. dxe5 Rg8 14. Ne4 Nd7 15. f4 0-0-0 16. Rf3 Nc5 17. Nxc5 Bxc5+ 18. Kh2 Ng7 19. Bg5 Rd7 20. Bh4 1/2-1/2

[Event "LSS No Engine Cup 169 Preliminary 0"]
[Site "LSS email"]
[Date "2017.05.07"]
[Round "?"]
[White "Gyongyosi, Peter Laszlo"]
[Black "Herzog, Klaus"]
[Result "0-1"]
[WhiteElo "1064"]
[BlackElo "2230"]
[PlyCount "52"]
[EventDate "2017.05.08"]
[EventType "tourn (corr)"]
[EventRounds "6"]
[EventCountry "GER"]
[SourceTitle "Corr 2022"]
[Source "ChessBase"]
[SourceDate "2021.10.24"]
[SourceVersion "1"]
[SourceVersionDate "2021.10.24"]
[SourceQuality "1"]

1. d4 Nf6 2. Nf3 d5 3. g3 e6 4. Bg2 c5 5. e3 Nc6 6. c3 c4 7. 0-0 b5 8. b3 Rb8 9. b4 a5 10. a3 Bd6 11. Nbd2 0-0 12. Bb2 h6 13. h3 Bb7 14. Qc2 Qb6 15. Rae1 Ra8 16. Ra1 Qc7 17. Nh2 e5 18. dxe5 Nxe5 19. Kh1 d4 20. Bxb7 Qxb7+ 21. Kg1 axb4 22. axb4 dxe3 23. fxe3 Nd3 24. Rxa8 Rxa8 25. Ra1 Rxa1+ 26. Bxa1 Ne1 0-1

[Event "LSS No Engine Cup 169 Preliminary 0"]
[Site "LSS email"]
[Date "2017.05.07"]
[Round "?"]
[White "Gyongyosi, Peter Laszlo"]
[Black "Lukin, Andrey"]
[Result "0-1"]
[WhiteElo "1064"]
[BlackElo "1868"]
[PlyCount "68"]
[EventDate "2017.05.08"]
[EventType "tourn (corr)"]
[EventRounds "6"]
[EventCountry "GER"]
[SourceTitle "Corr 2022"]
[Source "ChessBase"]
[SourceDate "2021.10.24"]
[SourceVersion "1"]
[SourceVersionDate "2021.10.24"]
[SourceQuality "1"]

1. e4 c5 2. f4 d6 3. Nc3 Nc6 4. Nf3 Nf6 5. d3 Bg4 6. h3 Bxf3 7. Qxf3 Nd4 8. Qf2 Qa5 9. Be3 e5 10. fxe5 dxe5 11. Qd2 Be7 12. Be2 0-0 13. 0-0 Qc7 14. Nd5 Nxd5 15. exd5 f5 16. Bxd4 cxd4 17. c3 dxc3 18. bxc3 Qc5+ 19. Kh1 Qxd5 20. c4 Qd4 21. Rab1 b6 22. Qc2 Bd6 23. Rb5 Bc5 24. Bf3 Rad8 25. Be2 Rf6 26. Rd1 Rg6 27. Bf3 Rg3 28. Rb2 Rd6 29. Bd5+ Kh8 30. Qa4 Rd8 31. Qc6 Qxb2 32. Qc7 Rf8 33. Kh2 Rg6 34. a4 e4 0-1

[Event "LSS No Engine Cup 169 Preliminary 0"]
[Site "LSS email"]
[Date "2017.05.07"]
[Round "?"]
[White "Mueller Toepler, Michael"]
[Black "Gyongyosi, Peter Laszlo"]
[Result "1-0"]
[WhiteElo "1959"]
[BlackElo "1064"]
[PlyCount "39"]
[EventDate "2017.05.08"]
[EventType "tourn (corr)"]
[EventRounds "6"]
[EventCountry "GER"]
[SourceTitle "Corr 2022"]
[Source "ChessBase"]
[SourceDate "2021.10.24"]
[SourceVersion "1"]
[SourceVersionDate "2021.10.24"]
[SourceQuality "1"]

1. e4 e5 2. Nf3 d6 3. d4 exd4 4. Qxd4 Be6 5. h3 Nf6 6. Bc4 Bxc4 7. Qxc4 Nc6 8. 0-0 Be7 9. Nc3 0-0 10. Be3 a6 11. Rfd1 Na5 12. Qa4 c5 13. e5 Ne8 14. Nd5 b5 15. Nxe7+ Qxe7 16. Qxa5 dxe5 17. Qb6 c4 18. Bc5 Qf6 19. Qb7 Nd6 20. Bxd6 1-0

[Event "RN-2017-0-01279"]
[Site "LSS email"]
[Date "2017.04.18"]
[Round "?"]
[White "Evtyugin, Yury Alekseevich"]
[Black "Gyongyosi, Peter Laszlo"]
[Result "1-0"]
[WhiteElo "905"]
[BlackElo "754"]
[PlyCount "87"]
[EventDate "2017.04.08"]
[EventType "tourn (corr)"]
[EventRounds "6"]
[EventCountry "GER"]
[SourceTitle "Corr 2022"]
[Source "ChessBase"]
[SourceDate "2021.10.24"]
[SourceVersion "1"]
[SourceVersionDate "2021.10.24"]
[SourceQuality "1"]

1. e4 d5 2. exd5 Qxd5 3. Nc3 Qa5 4. Nf3 c6 5. Bc4 Nf6 6. 0-0 e6 7. a3 Be7 8. d3 0-0 9. Bd2 Qd8 10. d4 Nbd7 11. b4 b5 12. Bd3 g6 13. Ne4 Nxe4 14. Bxe4 Bb7 15. Rc1 a6 16. c4 Nf6 17. Bb1 Ne8 18. c5 Nf6 19. h3 Nd5 20. Bh6 Re8 21. Ne5 Bf6 22. Qg4 Bxe5 23. dxe5 Qe7 24. h4 f6 25. Bxg6 hxg6 26. Qxg6+ Kh8 27. f4 Rg8 28. exf6 Nxf6 29. Qc2 Ng4 30. Qc3+ Kh7 31. Bg5 Qg7 32. Qd3+ Qg6 33. f5 exf5 34. Rce1 Raf8 35. Re7+ Rg7 36. Rfe1 Rff7 37. Qd7 Rxe7 38. Rxe7 Rxe7 39. Bxe7 Ba8 40. Bf6+ Kh6 41. Bg5+ Kh5 42. Qc8 Qf7 43. Qxa8 Qd5 44. Qe8+ 1-0

[Event "RN-2017-0-01279"]
[Site "LSS email"]
[Date "2017.04.18"]
[Round "?"]
[White "Lenz, Juergen"]
[Black "Gyongyosi, Peter Laszlo"]
[Result "1-0"]
[WhiteElo "1144"]
[BlackElo "754"]
[PlyCount "87"]
[EventDate "2017.04.08"]
[EventType "tourn (corr)"]
[EventRounds "6"]
[EventCountry "GER"]
[SourceTitle "Corr 2022"]
[Source "ChessBase"]
[SourceDate "2021.10.24"]
[SourceVersion "1"]
[SourceVersionDate "2021.10.24"]
[SourceQuality "1"]

1. d4 d5 2. Nf3 Nf6 3. Bf4 e6 4. e3 Be7 5. Bd3 0-0 6. h3 b6 7. Qe2 Bb7 8. Ne5 Nbd7 9. 0-0 c5 10. c3 c4 11. Bc2 Nxe5 12. Bxe5 Bd6 13. f4 Bxe5 14. fxe5 Ne4 15. Nd2 b5 16. Nxe4 dxe4 17. Qg4 Qd5 18. Rf4 Qd7 19. Bxe4 Bxe4 20. Rxe4 h6 21. Rf1 Kh8 22. Ref4 Rae8 23. Qf3 a5 24. g4 Qe7 25. Qc6 Rb8 26. e4 Qh4 27. Kg2 Qe7 28. Qd6 Qb7 29. d5 Rfd8 30. Qc6 Qe7 31. Rxf7 Qe8 32. Rf8+ Qxf8 33. Rxf8+ Rxf8 34. Qxe6 Rbe8 35. Qd6 Rd8 36. Qc7 Rc8 37. Qxa5 Ra8 38. Qxb5 Rxa2 39. e6 Raa8 40. d6 Rab8 41. Qxc4 Rxb2+ 42. Kg3 Rbf2 43. Qd3 g5 44. e7 1-0

[Event "LSS No Engine Cup 166 Preliminary 0"]
[Site "LSS email"]
[Date "2017.01.30"]
[Round "?"]
[White "Gyongyosi, Peter Laszlo"]
[Black "Pech, Jaroslav Sr"]
[Result "1-0"]
[WhiteElo "1097"]
[BlackElo "1547"]
[PlyCount "33"]
[EventDate "2017.01.31"]
[EventType "tourn (corr)"]
[EventRounds "6"]
[EventCountry "GER"]
[SourceTitle "Corr 2022"]
[Source "ChessBase"]
[SourceDate "2021.10.24"]
[SourceVersion "1"]
[SourceVersionDate "2021.10.24"]
[SourceQuality "1"]

1. e4 d5 2. exd5 Nf6 3. d4 Nxd5 4. Nf3 Bg4 5. Be2 e6 6. h3 Bh5 7. 0-0 Nc6 8. c4 Nb6 9. Be3 Bxf3 10. Bxf3 Nxc4 11. Bxc6+ bxc6 12. Qc1 Qd5 13. Nc3 Qf5 14. b3 Ba3 15. Qe1 Nb6 16. Rb1 0-0 17. g4 1-0

[Event "SN-2017-0-00824"]
[Site "LSS email"]
[Date "2017.01.20"]
[Round "?"]
[White "Gyongyosi, Peter Laszlo"]
[Black "Kuttner, Jaromir"]
[Result "1-0"]
[WhiteElo "744"]
[BlackElo "850"]
[PlyCount "67"]
[EventDate "2016.12.28"]
[EventType "tourn (corr)"]
[EventRounds "6"]
[EventCountry "GER"]
[SourceTitle "Corr 2022"]
[Source "ChessBase"]
[SourceDate "2021.10.24"]
[SourceVersion "1"]
[SourceVersionDate "2021.10.24"]
[SourceQuality "1"]

1. e4 e5 2. Nf3 Nc6 3. Bb5 a6 4. Bxc6 dxc6 5. 0-0 Bd6 6. Nc3 Bg4 7. h3 Bh5 8. d3 Nf6 9. Bg5 h6 10. Be3 0-0 11. Kh2 b5 12. a3 c5 13. Qe2 c4 14. dxc4 c5 15. b3 b4 16. axb4 cxb4 17. Na4 Nxe4 18. g4 Nc3 19. Nxc3 Bxg4 20. Ne4 Bxf3 21. Qxf3 Bc7 22. Rg1 f5 23. Bxh6 fxe4 24. Rxg7+ Kh8 25. Qg3 Qf6 26. Rg4 Qxf2+ 27. Qxf2 Rxf2+ 28. Kg3 Rf3+ 29. Kg2 e3 30. Kxf3 Bb6 31. Ke2 Rd8 32. Rd1 Rg8 33. Rxg8+ Kxg8 34. Bxe3 1-0

[Event "LSS No Engine Cup 165 Preliminary 0"]
[Site "LSS email"]
[Date "2017.01.09"]
[Round "?"]
[White "Gyongyosi, Peter Laszlo"]
[Black "Kocian, Stefan"]
[Result "0-1"]
[WhiteElo "1103"]
[BlackElo "1415"]
[PlyCount "70"]
[EventDate "2017.01.10"]
[EventType "tourn (corr)"]
[EventRounds "6"]
[EventCountry "GER"]
[SourceTitle "Corr 2022"]
[Source "ChessBase"]
[SourceDate "2021.10.24"]
[SourceVersion "1"]
[SourceVersionDate "2021.10.24"]
[SourceQuality "1"]

1. e4 c5 2. Nc3 a6 3. f4 e6 4. Nf3 d5 5. e5 Nc6 6. d4 cxd4 7. Nxd4 Bb4 8. Nxc6 bxc6 9. Bd2 Ne7 10. Bd3 0-0 11. 0-0 c5 12. a3 Ba5 13. Rf3 h6 14. g4 c4 15. Be2 Rb8 16. Rb1 Bb7 17. Rh3 Bb6+ 18. Kf1 d4 19. Na4 Ba7 20. g5 Nf5 21. Bg4 d3 22. Bxf5 Qd5 23. Be3 Qg2+ 24. Ke1 Bxe3 25. Rxe3 Qg1+ 26. Kd2 Qf2+ 27. Kc3 Qxe3 28. cxd3 Qxf4 29. gxh6 Qxf5 30. hxg7 Qxe5+ 31. Kd2 Rfd8 32. Nc5 Qxc5 33. Ke2 cxd3+ 34. Kf1 Qf5+ 35. Kg1 Rd4 0-1

[Event "LSS No Engine Cup 165 Preliminary 0"]
[Site "LSS email"]
[Date "2017.01.09"]
[Round "?"]
[White "Gyongyosi, Peter Laszlo"]
[Black "Pech, Stepan"]
[Result "1-0"]
[WhiteElo "1103"]
[BlackElo "1659"]
[PlyCount "43"]
[EventDate "2017.01.10"]
[EventType "tourn (corr)"]
[EventRounds "6"]
[EventCountry "GER"]
[SourceTitle "Corr 2022"]
[Source "ChessBase"]
[SourceDate "2021.10.24"]
[SourceVersion "1"]
[SourceVersionDate "2021.10.24"]
[SourceQuality "1"]

1. d4 Nf6 2. Nf3 g6 3. c4 Bg7 4. Nc3 0-0 5. Bg5 d6 6. Bxf6 Bxf6 7. e3 c5 8. Be2 cxd4 9. Nxd4 Nc6 10. Nxc6 Bxc3+ 11. bxc3 bxc6 12. 0-0 Rb8 13. Rb1 Rxb1 14. Qxb1 Qc7 15. h3 Bf5 16. Bd3 Rb8 17. Qc2 Bxd3 18. Qxd3 Rb2 19. Ra1 c5 20. a4 Qb7 21. Kh2 Rxf2 22. Rg1 1-0

[Event "LSS No Engine Cup 165 Preliminary 0"]
[Site "LSS email"]
[Date "2017.01.09"]
[Round "?"]
[White "Jenneborg, Seved"]
[Black "Gyongyosi, Peter Laszlo"]
[Result "1-0"]
[WhiteElo "2147"]
[BlackElo "1103"]
[PlyCount "53"]
[EventDate "2017.01.10"]
[EventType "tourn (corr)"]
[EventRounds "6"]
[EventCountry "GER"]
[SourceTitle "Corr 2022"]
[Source "ChessBase"]
[SourceDate "2021.10.24"]
[SourceVersion "1"]
[SourceVersionDate "2021.10.24"]
[SourceQuality "1"]

1. e4 d5 2. exd5 Qxd5 3. Nf3 Nf6 4. Nc3 Qa5 5. d4 c6 6. Bc4 e6 7. 0-0 Bb4 8. Bd2 0-0 9. a3 Bxc3 10. Bxc3 Qd8 11. Qe2 Nbd7 12. Ne5 Nxe5 13. dxe5 Nd5 14. Bd2 b5 15. Bd3 Qh4 16. Rfe1 Bb7 17. Qf3 h6 18. a4 a6 19. g3 Qe7 20. Qe4 g6 21. Bxh6 Rfd8 22. Qg4 Rd7 23. h4 f5 24. exf6 Qxf6 25. Rxe6 Qxb2 26. Qxg6+ Kh8 27. Re8+ 1-0